Países que han legalizado el matrimonio del mismo sexo - Estadísticas

Estadísticas generales
  • Esta prueba ha sido intentada 9.847 veces
    3.696 desde el último reinicio
  • La puntuación promedio es 29 de 39
Estadísticas de respuestas
Año País % Correcto
2005 España
99%
2015 Estados Unidos
96%
2013 Francia
95%
2010 Argentina
93%
2005 Canadá
92%
2017 Alemania
91%
2009 Suecia
91%
2022 México
90%
2009 Noruega
89%
2020 Reino Unido
88%
2017 Finlandia
87%
2001 Países Bajos
87%
2010 Portugal
87%
2022 Suiza
86%
2003 Bélgica
85%
2016 Colombia
85%
2017 Australia
84%
2013 Brasil
84%
2022 Chile
84%
2024 Grecia
79%
2012 Dinamarca
78%
2015 Irlanda
77%
2013 Nueva Zelanda
77%
2013 Uruguay
76%
2019 Austria
75%
2015 Luxemburgo
71%
2023 Andorra
70%
2010 Islandia
69%
2019 Ecuador
66%
2024 Estonia
61%
2006 Sudáfrica
58%
2022 Eslovenia
57%
2025 Liechtenstein
54%
2022 Cuba
53%
2017 Malta
52%
2020 Costa Rica
51%
2025 Tailandia
48%
2019 Taiwán
31%
2023 Nepal
15%
No se encontraron pruebas coincidentes
Distribución de puntuación
Porcentaje de gente con cada puntuación
Porcentaje por número respondido
Historial de tus puntuaciones
No has intentado esta prueba desde el último reinicio